Don Quijote en el Ateneo de Madrid / (Record no. 184244)

MARC details
000 -LEADER
campo de control de longitud fija 01476nam a2200289 i 4500
001 - NÚMERO DE CONTROL
campo de control 184244
003 - IDENTIFICADOR DE NÚMERO DE CONTROL
campo de control ES-MaACL
005 - FECHA Y HORA DE LA ÚLTIMA TRANSACCIÓN
campo de control 20250713041043.0
008 - DATOS DE LONGITUD FIJA--INFORMACIÓN GENERAL
campo de control de longitud fija 150527s2008 sp ag |||| | spa d
020 ## - NÚMERO INTERNACIONAL ESTÁNDAR DEL LIBRO
Número Internacional Estándar del Libro 978-84-96411-38-8
080 ## - NÚMERO DE LA CLASIFICACIÓN DECIMAL UNIVERSAL
Número de la Clasificación Decimal Universal 821.134.2 Cervantes Saavedra, Miguel de 7 Quijote.07
245 00 - MENCIÓN DEL TÍTULO
Título Don Quijote en el Ateneo de Madrid /
Mención de responsabilidad, etc. edición de Nuria Martínez de Castilla Muñoz.
260 ## - PUBLICACIÓN, DISTRIBUCIÓN, ETC.
Lugar de publicación, distribución, etc. [Madrid] :
Nombre del editor, distribuidor, etc. Sociedad Estatal de Conmemoraciones Culturales,
Fecha de publicación, distribución, etc. [2008]
300 ## - DESCRIPCIÓN FÍSICA
Extensión 403 p. :
Otras características físicas il., mús. ;
Dimensiones 25 cm.
505 8# - NOTA DE CONTENIDO CON FORMATO
Nota de contenido con formato Contiene: Estudios, 2005 . El Ateneo de Madrid y el Tercer Centenario del Quijote de 1905 / Eric Storm . El año 1905 / José Luis Abellán
505 8# - NOTA DE CONTENIDO CON FORMATO
Nota de contenido con formato Contiene: Conferencias, 1905 . Retablo de Maese Pedro / Miguel de Cervantes Saavedra
600 14 - PUNTO DE ACCESO ADICIONAL DE MATERIA--NOMBRE DE PERSONA
Nombre de persona Cervantes Saavedra, Miguel de,
Fechas asociadas al nombre 1547-1616.
Título de la obra Don Quijote de la Mancha-
Subdivisión de forma Aniversarios y centenarios
9 (RLIN) 37614
610 24 - PUNTO DE ACCESO ADICIONAL DE MATERIA--NOMBRE DE ENTIDAD CORPORATIVA
Nombre de entidad corporativa o nombre de jurisdicción como elemento de entrada Ateneo de Madrid-
Subdivisión de forma Conferencias-
Subdivisión cronológica 1900-1939
9 (RLIN) 1907
610 24 - PUNTO DE ACCESO ADICIONAL DE MATERIA--NOMBRE DE ENTIDAD CORPORATIVA
Nombre de entidad corporativa o nombre de jurisdicción como elemento de entrada Ateneo de Madrid.
Unidad subordinada Sección de Literatura.
9 (RLIN) 1997
700 1# - ENTRADA AGREGADA--NOMBRE PERSONAL
Nombre de persona Martínez de Castilla Muñoz, Nuria.
9 (RLIN) 156911
710 2# - ENTRADA AGREGADA--NOMBRE DE ENTIDAD CORPORATIVA
Nombre de entidad corporativa o nombre de jurisdicción como elemento de entrada Sociedad Estatal de Conmemoraciones Culturales (España)
9 (RLIN) 134893
740 32 - ENTRADA AGREGADA--TÍTULO RELACIONADO/ANALÍTICO NO CONTROLADO
Título relacionado o analítico no controlado El Ateneo de Madrid y el Tercer Centenario del Quijote de 1905.
852 4# - LOCALIZACIÓN
Ubicación ES-MaACL
Número de control de estantería A-13485
itemnumber 191228
Sublocalización o colección R.150823
Ubicación en estantería Depósito 1
Signatura antigua Olim: N-6485
Donativo/Legado Donación: Real Academia Española
914 ## - NOMBRE ENTIDAD DE DONANTE
RLIN 6336
Nombre de congreso/reunión o jurisdicción como elemento de entrada Real Academia Española
Unidad subordinada Donante
942 ## - ELEMENTOS DE ENTRADA SECUNDARIOS (KOHA)
Fuente del sistema de clasificación o colocación Clasificación decimal universal
Tipo de ítem Koha Libro impreso
Holdings
Estatus retirado Estado de pérdida Fuente del sistema de clasificación o colocación Estado de daño No para préstamo Colección Biblioteca de origen Biblioteca actual Ubicación en estantería Fecha de adquisición Fuente de adquisición Total de préstamos Signatura topográfica completa Código de barras Visto por última vez Precio de reemplazo Tipo de ítem Koha
    Clasificación decimal universal     Fondo Ateneo de Madrid Biblioteca del Ateneo de Madrid Biblioteca del Ateneo de Madrid Depósito 1 27/05/2015 Donación   A-13485 1193807 23/02/2023 23/02/2023 Libro impreso